000 00850nam a2200265Ia 4500
003 OSt
005 20220927110837.0
006 a|||||r|||| 00| 0
007 ta
008 220926b |||||||| |||| 00| 0 eng d
024 _a72937
037 _cReports
040 _aRTL
_cRTL
_beng
041 _2eng
_aeng
082 _a"X72.3.N7, L8/GD"
110 _aGreat Britain. Structure and Reform of Direct Taxation. (Committee on-) (Chairman: J E Meade)
_9380567
245 0 _aReport
260 _aLondon
_bAllen and Unwin UK
_c1978
300 _a"xx, 533p."
_ccm.
490 _aInstitute for Fiscal studies
650 _aTax
700 _aGreat Britain. Structure and Reform of Direct Taxation. (Committee on-) (Chairman: J E Meade)
_9380568
942 _h"X72.3.N7, L8/GD"
_cCC
999 _c698130
_d698130